Catálogo
 En Linea

Liberación del "yo" (ser) : (Registro nro. 18128)

Detalles MARC
000 -CABECERA
campo de control de longitud fija 00802nam a2200241 a 4500
001 - NÚMERO DE CONTROL
campo de control 000018608
005 - FECHA Y HORA DE LA ÚLTIMA TRANSACCIÓN
campo de control 20200929165829.0
008 - DATOS DE LONGITUD FIJA--INFORMACIÓN GENERAL
campo de control de longitud fija 100512s2006 mx 000 0 spa d
040 ## - FUENTE DE LA CATALOGACIÓN
Centro catalogador/agencia de origen DO-SdBNP
Lengua de catalogación spa
Centro/agencia transcriptor BNPHU
082 ## - NÚMERO DE LA CLASIFICACIÓN DECIMAL DEWEY
Número de clasificación 282.8
Número de documento/Ítem L695L
100 1# - ENTRADA PRINCIPAL--NOMBRE DE PERSONA
Nombre de persona Limón, Emma
9 (RLIN) 40213
245 10 - MENCIÓN DE TÍTULO
Título Liberación del "yo" (ser) :
Resto del título Metodología Evangelización Liberadora Integral /
Mención de responsabilidad, etc. Emma Limón.
246 3# - FORMA VARIANTE DE TÍTULO
Título propio/Titulo breve Metodología Evangelización Liberadora Integral
260 ## - PUBLICACIÓN, DISTRIBUCIÓN, ETC.
Lugar de publicación, distribución, etc. [México :
Nombre del editor, distribuidor, etc. s.n.,
Fecha de publicación, distribución, etc. 2006].
300 ## - DESCRIPCIÓN FÍSICA
Extensión 318 p. ;
Dimensiones 23 cm.
490 1# - MENCIÓN DE SERIE
Mención de serie Curso
Designación de volumen o secuencia 3
500 ## - NOTA GENERAL
Nota general Curso III, Liberación del "yo" (ser)
504 ## - NOTA DE BIBLIOGRAFÍA, ETC.
Nota de bibliografía, etc. Bibliografía: p.319.
590 ## - NOTA LOCAL (RLIN)
Nota local Inventariado, 2018/ YL
650 #4 - PUNTO DE ACCESO ADICIONAL DE MATERIA--TÉRMINO DE MATERIA
Término de materia o nombre geográfico como elemento de entrada Evangelización
Subdivisión general Metodología
9 (RLIN) 40214
830 #0 - PUNTO DE ACCESO ADICIONAL DE SERIE-TÍTULO UNIFORME
Título uniforme Curso
Número de parte o sección de la obra 3
9 (RLIN) 40215
910 ## - DATOS DE OPCIÓN DEL USUARIO (OCLC)
Datos de opción del usuario Validado. Control de calidad EMS
Existencias
Estado de retiro Estado de pérdida Restricciones de uso No para préstamo Código de colección Localización permanente Ubicación/localización actual Ubicación en estantería Fecha de adquisición Número de inventario Total de préstamos Signatura topográfica completa Código de barras Fecha visto por última vez Número de copia Precio válido a partir de Tipo de ítem Koha
  Extraviado     Monografías: Libros y Folletos General General Extraviado 12.05.2010 LF1   282.8 L695L 18608-30 25.06.2020 e. 3 25.06.2020 Préstamo en sala
      Excluido de préstamo Monografías: Libros y Folletos General General Depósito 12.05.2010 LF1   282.8 L695L 18608-10 25.06.2020   25.06.2020 No se presta
      Excluido de préstamo Monografías: Libros y Folletos General General Depósito 12.05.2010 LF1   282.8 L695L 18608-20 25.06.2020 e. 2 25.06.2020 No se presta

Con tecnología Koha